| 000 | 00524nam a2200181Ia 4500 | ||
|---|---|---|---|
| 008 | 090124s9999 xx 000 0 und d | ||
| 082 | _b43798 | ||
| 100 | _aरामाणी पी. एस. | ||
| 245 | _a ताठ कणा | ||
| 250 | _a1 | ||
| 260 |
_bग्रंथाली प्रकाशन _c2005 |
||
| 300 | _a227 | ||
| 600 | _aरामाणी पी. एस. | ||
| 630 | _a ताठ कणा | ||
| 700 | _aरामाणी पी. एस. | ||
| 730 | _a ताठ कणा | ||
| 942 | _cBOOK | ||
| 999 |
_c110017 _d110017 |
||